000 00470nam a2200169 i 4500
001 61940
003 ES-MaACL
005 20230906164556.0
007 t|
008 031114s1972 sp ||||1| spa d
100 1 _aFalco Vidal, Narciso.
_948702
245 1 0 _aMedicina deportiva /
_cNarciso Falco Vidal.
250 _a1ª ed.
260 _a[Falset (Tarragona) :
_bs.n.,
_c1972]
300 _a233 p., 17 lám. :
_bil. ;
_c22 cm.
852 _aES-MaACL
_jC-43743
_bR.82622
999 _c61940
_d61940